000 00936cam a2200277 a 4500
001 13807122
003 ARRUPE
005 20131023163104.0
008 040413s2004 ie b 000 0 eng d
010 _a 2004484130
020 _a1853907472
035 _a(OCoLC)ocm54938811
040 _aIEKBA
_cIEKBA
_dOCLCQ
_dDLC
042 _alccopycat
050 0 0 _aBX1785
_b.H43 2004
100 1 _aHederman, Mark Patrick.
_92829
245 1 0 _aI must be talking to myself :
_bdialogue in the Roman Catholic Church since Vatican II /
_cMark Patrick Hederman.
260 _aDublin, Ireland :
_bVeritas,
_cc2004.
300 _a138 p. ;
_c22 cm.
504 _aIncludes bibliographical references.
610 2 0 _aCatholic Church
_xRelations.
_92830
650 0 _aEcumenical movement.
_92831
906 _a7
_bcbc
_ccopycat
_d2
_encip
_f20
_gy-gencatlg
942 _2lcc
_cMONOGRAPH
999 _c118423
_d118423